| 000 | 00383nam a2200169Ia 4500 | ||
|---|---|---|---|
| 003 | 0STCL | ||
| 008 | 150530s9999 xx 000 0 und d | ||
| 040 |
_aSTCL _cSTCL |
||
| 100 | _aMuller, F.M. | ||
| 245 | _aScience of Language Vol-I | ||
| 250 | _aNinth | ||
| 260 |
_bLongmans, Green _c1877 |
||
| 546 | _aEnglish | ||
| 942 |
_2ddc _cBK |
||
| 999 |
_c17131 _d17131 |
||
| 005 | 20220125165803.0 | ||